UBT Library

FORM SAPCE AND VISION (Record no. 28458)

000 -LEADER
fixed length control field 00265nam a22001217a 4500
008 - FIXED-LENGTH DATA ELEMENTS--GENERAL INFORMATION
fixed length control field 170920b xxu||||| |||| 00| 0 eng d
041 ## - LANGUAGE CODE
Language code of text/sound track or separate title eng
080 ## - UNIVERSAL DECIMAL CLASSIFICATION NUMBER
Universal Decimal Classification number 7
100 ## - Rafti
Rafti 45
101 ## - Shkurtesa
Shkurtesa ART
245 ## - TITLE STATEMENT
Title FORM SAPCE AND VISION
Statement of responsibility, etc COLLIER,G
942 ## - ADDED ENTRY ELEMENTS (KOHA)
Source of classification or shelving scheme
Item type Books
Holdings
Withdrawn status Lost status Source of classification or shelving scheme Damaged status Not for loan Collection code Permanent location Current location Shelving location Date acquired Total Checkouts Full call number Barcode Date last seen Price effective from Koha item type
          Koleksioni i përgjithshem UBT - Lipjan UBT - Lipjan Koleksioni i përgjithshem 09/20/2017   7 COL 002-2923055 09/20/2017 09/20/2017 Books
          Koleksioni i përgjithshem UBT - Lipjan UBT - Lipjan Koleksioni i përgjithshem 09/20/2017   7 COL 002-2923060 09/20/2017 09/20/2017 Books
          Koleksioni i përgjithshem UBT - Lipjan UBT - Lipjan Koleksioni i përgjithshem 09/20/2017   7 COL 002-2923065 09/20/2017 09/20/2017 Books
UBT Library © 2015-2024. All rights reserved University Education for Business and Technology